[Event "FIDE GP"]
[Site "Moscow"]
[Date "2002.06.03"]
[Round "3.4"]
[White "Radjabov, Teimour"]
[Black "Ivanchuk, Vassily"]
[Result "1-0"]
[WhiteElo "2610"]
[BlackElo "2711"]
[PlyCount "103"]
[EventDate "2002.06.01"]
[Source "ChessBase"]
[SourceDate "2002.09.20"]

1. d4 Nf6 2. c4 e6 3. Nf3 b6 4. Nc3 Bb7 5. Bg5 Be7 6. e3 h6 7. Bh4 Ne4 8. Nxe4 Bxe4 9. Bg3 c5 10. d5 exd5 11. cxd5 O-O 12. Bd3 Bxd5 13. Bh7+ Kxh7 14. Qxd5 Nc6 15. a3 Kg8 16. O-O-O Bf6 17. Qf5 Qc8 18. Rd6 Be7 19. Rxd7 c4 20. Rhd1 c3 21. Qe4 cxb2+ 22. Kxb2 Bf6+ 23. Kb1 Na5 24. Rc7 Qa6 25. Bd6 Rfc8 26. Rdc1 Qb5+ 27. Bb4 Re8 28. Qc2 Rad8 29. Rd1 Rxd1+ 30. Qxd1 Rd8 31. Qc2 Qf1+ 32. Ne1 Be5 33. Rc8 Nb7 34. Qc6 a5 35. Qxb7 Rxc8 36. Qxc8+ Kh7 37. Qc2+ g6 38. Bc3 Bxc3 39. Qxc3 Qxf2 40. h3 b5 41. Kc1 b4 42. axb4 axb4 43. Qd2 Qf1 44. Qxb4 Qe2 45. Qd2 Qc4+ 46. Kd1 h5 47. Nd3 Qe4 48. Ke1 h4 49. Kf2 g5 50. Ne1 Qf5+ 51. Kg1 Qc5 52. Qc2+ 1-0

[Event "WCC"]
[Site "?"]
[Date "2005.12.01"]
[Round "2.2"]
[White "Onischuk Alexander"]
[Black "Bruzon Lazaro"]
[Result "1/2-1/2"]
[WhiteElo "2640"]
[BlackElo "2677"]
[PlyCount "53"]
[EventDate "2005.??.??"]
[Source "www.chesslib.no"]
[SourceDate "2004.05.04"]

1. d4 Nf6 2. c4 e6 3. Nf3 b6 4. Nc3 Bb7 5. a3 d5 6. cxd5 Nxd5 7. Qc2 Be7 8. e4 Nxc3 9. bxc3 O-O 10. Bd3 c5 11. O-O Qc8 12. Qe2 Ba6 13. Rd1 cxd4 14. cxd4 Bxd3 15. Rxd3 Nd7 16. h4 Re8 17. Bg5 Qb7 18. Rc1 Rac8 19. Rxc8 Qxc8 20. e5 b5 21. d5 exd5 22. Rxd5 Bxg5 23. Nxg5 Nxe5 24. Qxb5 Ng4 25. Rd1 h6 26. Nf3 Rd8 27. Rxd8+ 1/2-1/2

[Event "Paernu"]
[Site "?"]
[Date "1996.??.??"]
[Round "?"]
[White "Khalifman, A."]
[Black "Short, N."]
[Result "0-1"]
[WhiteElo "2650"]
[BlackElo "2665"]
[PlyCount "120"]
[EventDate "1996.??.??"]
[Source "ChessBase"]
[SourceDate "1996.02.01"]

1. d4 Nf6 2. c4 e6 3. Nf3 b6 4. Nc3 Bb7 5. a3 d5 6. cxd5 Nxd5 7. e3 g6 8. Bb5+ c6 9. Bd3 Bg7 10. Na4 Nd7 11. e4 Ne7 12. O-O O-O 13. Bg5 h6 14. Be3 Kh7 15. Rc1 f5 16. exf5 exf5 17. Bf4 Nd5 18. Bd6 Re8 19. Nc3 Qf6 20. Bg3 Nxc3 21. bxc3 c5 22. Bb5 Re7 23. Ne5 Nxe5 24. dxe5 Qf7 25. f4 a6 26. Be2 Rd7 27. Qe1 Qe6 28. Bf3 Bxf3 29. Rxf3 Bf8 30. Bf2 Be7 31. c4 Rad8 32. Rfc3 g5 33. Be3 gxf4 34. Bxf4 Rd4 35. Qf1 Bg5 36. Bxg5 hxg5 37. Qe2 Kg6 38. Re3 Rd2 39. Qf3 g4 40. Qf1 R8d4 41. g3 Rb2 42. Re2 Rxe2 43. Qxe2 Re4 44. Qd2 Qxe5 45. Kf2 Rd4 46. Qe2 Qxe2+ 47. Kxe2 f4 48. gxf4 Kf5 49. Rb1 Rd6 50. Rf1 Rh6 51. Rf2 Rh3 52. Kf1 Rb3 53. Kg2 a5 54. Re2 a4 55. Re5+ Kxf4 56. Re6 Rxa3 57. Rf6+ Ke5 58. Rxb6 Rb3 59. Ra6 a3 60. Ra5 Kf4 0-1

[Event "World Blitz"]
[Site "Moscow RUS"]
[Date "2007.11.22"]
[Round "31"]
[White "Korotylev, A."]
[Black "Carlsen, M."]
[Result "1-0"]
[WhiteElo "2600"]
[BlackElo "2714"]
[PlyCount "71"]
[EventDate "2007.11.21"]
[Source "www.chesslib.no"]
[SourceDate "2004.05.04"]

1. d4 Nf6 2. c4 e6 3. Nf3 b6 4. Nc3 Bb7 5. a3 d5 6. Bg5 Be7 7. Qa4+ Bc6 8. Qb3 dxc4 9. Qxc4 O-O 10. Bxf6 Bxf6 11. e4 Bb7 12. Rd1 c5 13. e5 Be7 14. d5 exd5 15. Nxd5 Nc6 16. Bd3 Nd4 17. Be4 b5 18. Qa2 Nxf3+ 19. Bxf3 Bxd5 20. Bxd5 Qc7 21. Bxa8 Qxe5+ 22. Kf1 Rxa8 23. Qd5 Qb8 24. g3 Qf8 25. Kg2 Bf6 26. b3 Rc8 27. Rc1 h6 28. Rc2 Be7 29. Re1 Rc7 30. h4 a6 31. Re4 Bf6 32. Rce2 Rc8 33. Qb7 c4 34. bxc4 bxc4 35. Qxa6 c3 36. Qxc8 1-0

[Event "Reykjavik ISL"]
[Site "?"]
[Date "2006.03.13"]
[Round "8"]
[White "Mamedyarov Shakhriyar"]
[Black "Sargissian Gabriel"]
[Result "1/2-1/2"]
[WhiteElo "2709"]
[BlackElo "2603"]
[PlyCount "114"]
[EventDate "2006.??.??"]
[Source "www.chesslib.no"]
[SourceDate "2004.05.04"]

1. d4 Nf6 2. c4 e6 3. Nf3 b6 4. Nc3 Bb7 5. a3 d5 6. cxd5 Nxd5 7. Qc2 Be7 8. e4 Nxc3 9. bxc3 Nd7 10. Bd3 c5 11. O-O Qc7 12. Qe2 cxd4 13. cxd4 O-O 14. Bb2 Rac8 15. Nd2 Bg5 16. a4 Rfd8 17. Rfc1 Qb8 18. Rxc8 Rxc8 19. Nc4 Ba6 20. e5 Qc7 21. Nd6 Bxd3 22. Qxd3 Qc2 23. Qf3 Rf8 24. Ba3 Be7 25. a5 bxa5 26. h3 Nb6 27. Bc5 Nd5 28. Rxa5 f6 29. Qg4 f5 30. Qf3 Ra8 31. Kh2 a6 32. Ra3 a5 33. Rb3 Bxd6 34. exd6 Qe4 35. Qd1 a4 36. Rg3 Nf6 37. Qc1 Qb7 38. Re3 Qd7 39. Ba3 Nd5 40. Re1 Rb8 41. Qc4 Kf7 42. Ra1 Qb5 43. Qc1 Qd7 44. Bc5 Nf6 45. Qd1 Ra8 46. Ba3 Ne4 47. d5 Nf6 48. dxe6+ Qxe6 49. Rc1 Ra5 50. Rc7+ Kg6 51. Re7 Qb3 52. Qc1 Rd5 53. Ra7 Rd1 54. Qc7 Ne8 55. Qe7 Qxa3 56. Qxe8+ Kh6 57. Ra6 Rh1+ 1/2-1/2

[Event "Las Palmas"]
[Site "Las Palmas ESP"]
[Date "1977.??.??"]
[Round "15"]
[White "Tal, Mikhail N"]
[Black "Karpov, Anatoly"]
[Result "1/2-1/2"]
[WhiteElo "2620"]
[BlackElo "2690"]
[PlyCount "38"]
[EventDate "1977.05.07"]
[Source "www.chesslib.no"]
[SourceDate "2004.05.04"]

1. d4 Nf6 2. c4 e6 3. Nf3 b6 4. Nc3 Bb7 5. Bg5 Be7 6. e3 h6 7. Bh4 Ne4 8. Bxe7 Qxe7 9. Nxe4 Bxe4 10. Be2 O-O 11. O-O d6 12. Nd2 Bb7 13. Bf3 c5 14. Bxb7 Qxb7 15. Nf3 Rd8 16. Qe2 cxd4 17. Nxd4 Nc6 18. Rfd1 d5 19. Nxc6 Qxc6 1/2-1/2

[Event "Niksic Yugoslavia"]
[Site "Niksic Yugoslavia"]
[Date "1983.??.??"]
[Round "?"]
[White "Kasparov, Gary"]
[Black "Portisch, Lajos"]
[Result "1-0"]
[WhiteElo "2690"]
[BlackElo "2620"]
[PlyCount "67"]
[EventDate "1983.??.??"]
[Source "www.chesslib.no"]
[SourceDate "2004.05.04"]

1. d4 Nf6 2. c4 e6 3. Nf3 b6 4. Nc3 Bb7 5. a3 d5 6. cxd5 Nxd5 7. e3 Nxc3 8. bxc3 Be7 9. Bb5+ c6 10. Bd3 c5 11. O-O Nc6 12. Bb2 Rc8 13. Qe2 O-O 14. Rad1 Qc7 15. c4 cxd4 16. exd4 Na5 17. d5 exd5 18. Bxh7+ Kxh7 19. Rxd5 Kg8 20. Bxg7 Kxg7 21. Ne5 Rfd8 22. Qg4+ Kf8 23. Qf5 f6 24. Nd7+ Rxd7 25. Rxd7 Qc5 26. Qh7 Rc7 27. Qh8+ Kf7 28. Rd3 Nxc4 29. Rfd1 Ne5 30. Qh7+ Ke6 31. Qg8+ Kf5 32. g4+ Kf4 33. Rd4+ Kf3 34. Qb3+ 1-0

[Event "NED-ch op 5'"]
[Site "?"]
[Date "2002.02.15"]
[Round "?"]
[White "Sokolov Ivan"]
[Black "Nikolic Predrag"]
[Result "1/2-1/2"]
[WhiteElo "2655"]
[BlackElo "2650"]
[PlyCount "56"]
[EventDate "2002.??.??"]
[Source "www.chesslib.no"]
[SourceDate "2004.05.04"]

1. d4 Nf6 2. c4 e6 3. Nf3 b6 4. Nc3 Bb7 5. a3 g6 6. Qc2 Bxf3 7. exf3 Bg7 8. Be3 d5 9. cxd5 exd5 10. Be2 O-O 11. O-O c6 12. f4 Nbd7 13. f5 Re8 14. fxg6 hxg6 15. Bf3 a5 16. Rae1 Nf8 17. h4 Ne6 18. Qd2 b5 19. Re2 Qd6 20. Qc2 b4 21. Nb1 Ne4 22. axb4 axb4 23. Nd2 Nxd4 24. Bxd4 Bxd4 25. Nxe4 dxe4 26. Rxe4 Rxe4 27. Bxe4 Rb8 28. b3 c5 1/2-1/2

[Event "BL 0607 OSC Baden Baden - SC Remagen"]
[Site "Germania"]
[Date "2006.11.19"]
[Round "4.2"]
[White "Bacrot, Etienne"]
[Black "Fedorchuk, Sergey"]
[Result "1-0"]
[WhiteElo "2705"]
[BlackElo "2599"]
[PlyCount "119"]
[EventDate "2006.10.28"]
[Source "www.chesslib.no"]
[SourceDate "2004.05.04"]

1. d4 Nf6 2. c4 e6 3. Nf3 b6 4. Nc3 Bb7 5. Bg5 Be7 6. e3 h6 7. Bh4 Ne4 8. Nxe4 Bxe4 9. Bg3 O-O 10. Bd3 Bxd3 11. Qxd3 d6 12. O-O Nd7 13. e4 c6 14. Rac1 Nf6 15. d5 e5 16. dxc6 Rc8 17. Rc3 Rxc6 18. Ne1 Nd7 19. Nc2 Nc5 20. Qe2 Ne6 21. Rd1 Qb8 22. Nb4 Rcc8 23. Nd5 Bg5 24. Qd3 Nc5 25. Qc2 Ne6 26. f3 Nd4 27. Qd3 b5 28. cxb5 Qxb5 29. Qxb5 Nxb5 30. Rxc8 Rxc8 31. h4 Bd8 32. Bf2 Rc2 33. a4 Nd4 34. b4 Rc4 35. Kf1 Nc6 36. Rb1 Kf8 37. Be3 Ke8 38. g3 Kd7 39. Rc1 Rxc1+ 40. Bxc1 h5 41. Be3 a6 42. Ke2 Ne7 43. Nxe7 Bxe7 44. b5 axb5 45. axb5 Ke6 46. f4 exf4 47. Bxf4 f6 48. Be3 Kd7 49. Kd3 g5 50. g4 gxh4 51. gxh5 h3 52. Bg1 Ke6 53. b6 Kd7 54. h6 Bf8 55. h7 Bg7 56. Ke3 f5 57. exf5 d5 58. Kf4 d4 59. b7 Kc7 60. Kg5 1-0

[Event "Closed GM"]
[Site "?"]
[Date "2004.12.24"]
[Round "3.2"]
[White "Gelfand Boris"]
[Black "Naiditsch Arkadij"]
[Result "1-0"]
[WhiteElo "2693"]
[BlackElo "2611"]
[PlyCount "67"]
[EventDate "2004.??.??"]
[Source "www.chesslib.no"]
[SourceDate "2004.05.04"]

1. d4 Nf6 2. c4 e6 3. Nf3 b6 4. Nc3 Bb7 5. a3 d5 6. cxd5 Nxd5 7. Qc2 Be7 8. e4 Nxc3 9. bxc3 O-O 10. Bd3 c5 11. O-O cxd4 12. cxd4 Nc6 13. Bb2 Rc8 14. Qe2 Na5 15. Rad1 Re8 16. Ne5 Bf8 17. f4 f6 18. Ng4 Re7 19. f5 Qe8 20. e5 exf5 21. Bxf5 fxe5 22. Bxc8 Qxc8 23. Rc1 Qe8 24. Bc3 Re6 25. Nxe5 Bxa3 26. Ra1 Bd6 27. Qa2 Bxe5 28. dxe5 h6 29. Bxa5 bxa5 30. Rab1 Bc8 31. Rb8 Qc6 32. Qa3 Re8 33. Rc1 Qd7 34. Qd6 1-0

[Event "Cannes m1"]
[Site "Cannes"]
[Date "2000.04.24"]
[Round "5"]
[White "Piket, Jeroen"]
[Black "Tkachiev, Vladislav"]
[Result "1/2-1/2"]
[WhiteElo "2633"]
[BlackElo "2670"]
[PlyCount "60"]
[EventDate "2000.04.18"]
[Source "ChessBase"]
[SourceDate "2000.07.27"]

1. d4 Nf6 2. c4 e6 3. Nf3 b6 4. Nc3 Bb7 5. Bg5 h6 6. Bh4 Be7 7. Qc2 c5 8. dxc5 bxc5 9. e3 O-O 10. Be2 d6 11. O-O Qb6 12. Rad1 Rd8 13. Rd2 Nbd7 14. Rfd1 Nf8 15. h3 Rd7 16. Bg3 Rad8 17. b3 a6 18. Ne1 N8h7 19. Bf3 Ng5 20. Bxb7 Qxb7 21. Bh4 Nge4 22. Bxf6 Nxf6 23. Nf3 Qc7 24. e4 Nh7 25. e5 Ng5 26. Nxg5 Bxg5 27. exd6 Rxd6 28. Rxd6 Rxd6 29. Rxd6 Qxd6 30. Ne4 Qf4 1/2-1/2

[Event "Germany"]
[Site "?"]
[Date "2002.02.01"]
[Round "5.3"]
[White "Bareev Evgeny"]
[Black "Wahls Matthias"]
[Result "1-0"]
[WhiteElo "2719"]
[BlackElo "2580"]
[PlyCount "113"]
[EventDate "2002.??.??"]
[Source "www.chesslib.no"]
[SourceDate "2004.05.04"]

1. d4 Nf6 2. c4 e6 3. Nf3 b6 4. Nc3 Bb7 5. a3 d5 6. cxd5 Nxd5 7. Bd2 Be7 8. Qc2 O-O 9. e4 Nxc3 10. Bxc3 c5 11. dxc5 Bxc5 12. Rd1 Qc7 13. b4 Be7 14. Qb2 f6 15. Bd3 Rc8 16. Rc1 Qd8 17. Ke2 Qe8 18. Qb3 Bd6 19. Nd4 Kh8 20. Qxe6 Qxe6 21. Nxe6 Re8 22. Bc4 Nd7 23. Rhd1 Ne5 24. Bxe5 Bxe5 25. Bd5 Ba6+ 26. Ke3 Rac8 27. a4 g5 28. g3 Bb2 29. Rb1 Be5 30. b5 Rc3+ 31. Rd3 Rxd3+ 32. Kxd3 Bc8 33. Nd4 Bg4 34. Rc1 Rc8 35. Nc6 Rc7 36. Nxe5 Rxc1 37. Nxg4 Kg7 38. Ne3 Ra1 39. Bb3 Rh1 40. h4 gxh4 41. Nf5+ Kf8 42. gxh4 Rh3+ 43. Kc4 Rf3 44. Nd4 Rxf2 45. Nc6 Ke8 46. Nxa7 Kd7 47. a5 Kc7 48. axb6+ Kxb6 49. Nc8+ Kb7 50. Nd6+ Kb6 51. Kb4 Rf4 52. h5 f5 53. Nc4+ Ka7 54. e5 Rh4 55. Kc5 Rxh5 56. e6 f4+ 57. Kc6 1-0

[Event "Antalya (Turkey)"]
[Site "?"]
[Date "2004.05.24"]
[Round "9"]
[White "Krasenkow Michal"]
[Black "Navara David"]
[Result "1/2-1/2"]
[WhiteElo "2676"]
[BlackElo "2620"]
[PlyCount "53"]
[EventDate "2004.??.??"]
[Source "www.chesslib.no"]
[SourceDate "2004.05.04"]

1. d4 Nf6 2. c4 e6 3. Nf3 b6 4. Nc3 Bb7 5. a3 d5 6. cxd5 Nxd5 7. Qc2 Nxc3 8. bxc3 Be7 9. e4 O-O 10. Bd3 c5 11. O-O Qc8 12. Qe2 Ba6 13. Rd1 Rd8 14. e5 cxd4 15. Bg5 f6 16. Bf4 Qb7 17. Nxd4 Rf8 18. Qf3 h6 19. Bg5 Kh8 20. Re1 Bxd3 21. Nc6 b5 22. exf6 Bxf6 23. Kh1 Bxc3 24. Qh5 Re8 25. Rxe6 Rxe6 26. Qf7 Qc8 27. Qc7 1/2-1/2

[Event "NED-ch op 5'"]
[Site "?"]
[Date "2002.02.15"]
[Round "?"]
[White "Sokolov Ivan"]
[Black "Seirawan Yasser"]
[Result "1/2-1/2"]
[WhiteElo "2655"]
[BlackElo "2640"]
[PlyCount "80"]
[EventDate "2002.??.??"]
[Source "www.chesslib.no"]
[SourceDate "2004.05.04"]

1. d4 Nf6 2. c4 e6 3. Nf3 b6 4. Nc3 Bb7 5. a3 Ne4 6. Nxe4 Bxe4 7. e3 g6 8. Bd3 Bxd3 9. Qxd3 Bg7 10. e4 d6 11. Bg5 f6 12. Be3 Nd7 13. h4 h6 14. O-O-O Qe7 15. Kb1 O-O-O 16. Rhe1 Kb8 17. d5 e5 18. Nd2 f5 19. exf5 gxf5 20. Qxf5 Qxh4 21. Rh1 Qf6 22. Qc2 h5 23. Ne4 Qg6 24. Ng5 Qxc2+ 25. Kxc2 Rdg8 26. Ne6 Bf6 27. Rh2 h4 28. Rdh1 Nf8 29. Nxf8 Rxf8 30. f3 Rfg8 31. b3 Kc8 32. Kd3 Kd7 33. Bf2 Bg5 34. g4 Rf8 35. Ke2 e4 36. fxe4 Rf4 37. Bxh4 Rxe4+ 38. Kd3 Rxg4 39. Bxg5 Rxh2 40. Rxh2 Rxg5 1/2-1/2

[Event "Leonid Stein mem"]
[Site "Lvov"]
[Date "2000.05.15"]
[Round "4"]
[White "Ivanchuk, Vassily"]
[Black "Romanishin, Oleg M"]
[Result "1/2-1/2"]
[WhiteElo "2709"]
[BlackElo "2578"]
[PlyCount "131"]
[EventDate "2000.05.12"]
[Source "ChessBase"]
[SourceDate "2000.07.27"]

1. d4 Nf6 2. c4 e6 3. Nf3 b6 4. Nc3 Bb7 5. a3 Ne4 6. Nxe4 Bxe4 7. Nd2 Bb7 8. e4 d6 9. Bd3 Nd7 10. Nf3 Be7 11. O-O a5 12. Rb1 O-O 13. Re1 e5 14. b3 exd4 15. Nxd4 Bf6 16. Bf1 Nc5 17. f3 Ne6 18. Nf5 Be5 19. Bb2 Qf6 20. Qd2 Rfe8 21. Qf2 Nc5 22. Ne3 Bxb2 23. Rxb2 Qc3 24. Rbb1 Rab8 25. Nd5 Bxd5 26. cxd5 Re7 27. Rec1 Qe5 28. b4 Nb7 29. Rb3 f5 30. exf5 Qxf5 31. Rbc3 axb4 32. axb4 Nd8 33. Rxc7 Rxc7 34. Rxc7 Nf7 35. Rc6 Qxd5 36. b5 Ne5 37. Rxb6 Rc8 38. Qe3 h6 39. h3 Nc4 40. Bxc4 Rxc4 41. Rb8+ Kh7 42. b6 Rb4 43. Kh2 Qf5 44. Re8 Rb2 45. Qd4 Qc2 46. Qg4 d5 47. Rc8 Qb1 48. Qe6 Rxb6 49. Qg8+ Kg6 50. Rc7 Qb2 51. Qxd5 Kh7 52. f4 Rb8 53. Qe4+ Kh8 54. Rf7 Kg8 55. Qg6 Rf8 56. Rxf8+ Kxf8 57. Kg3 Qb3+ 58. Kh4 Qe3 59. Qf5+ Kg8 60. Kh5 Qg3 61. Qc8+ Kh7 62. Qd7 Qxf4 63. Qd3+ Kh8 64. Qd8+ Kh7 65. Qd3+ Kh8 66. Qd8+ 1/2-1/2

[Event "Riga (m14)"]
[Site "?"]
[Date "1986.??.??"]
[Round "?"]
[White "Yusupov, A."]
[Black "Sokolov, A."]
[Result "1/2-1/2"]
[WhiteElo "2660"]
[BlackElo "2620"]
[PlyCount "81"]
[EventDate "1986.??.??"]
[Source "ChessBase"]
[SourceDate "1986.07.01"]

1. d4 Nf6 2. c4 e6 3. Nf3 b6 4. Nc3 Bb7 5. a3 d5 6. cxd5 Nxd5 7. e3 Be7 8. Bd3 Nxc3 9. bxc3 c5 10. O-O O-O 11. Qe2 Nc6 12. Bb2 Rc8 13. Rad1 cxd4 14. cxd4 Bf6 15. h4 Bxh4 16. e4 Na5 17. d5 exd5 18. e5 Nc4 19. Bd4 Re8 20. g3 Bg5 21. Kg2 Rc6 22. Rh1 h6 23. Rh5 Be7 24. Rdh1 Bc5 25. R1h4 b5 26. Ba1 Rg6 27. Nd4 Rg5 28. Rxg5 Qxg5 29. f4 Qd8 30. Kh2 Qb6 31. Nf5 Ne3 32. e6 Nxf5 33. Bxf5 Rxe6 34. Bxe6 Qxe6 35. Qxb5 Bb6 36. f5 Qxf5 37. Qe8+ Kh7 38. Rf4 Qh5+ 39. Rh4 Qf5 40. Rf4 Qh5+ 41. Rh4 1/2-1/2